[Event "ROM-ch U08"]
[Site "Calimanesti Caciulata"]
[Date "2019.04.18"]
[Round "5"]
[White "Mihaescu Duta, Tudor Mihai"]
[Black "Tabacaru, Matei Stefan"]
[Result "1/2-1/2"]
[WhiteElo "1119"]
[BlackElo "1081"]
[PlyCount "37"]
[EventDate "2019.04.15"]
[EventType "swiss"]
[EventRounds "9"]
[EventCountry "ROU"]
[SourceTitle "CBM 190 Extra"]
[Source "ChessBase"]
[SourceDate "2019.07.15"]
[SourceVersion "1"]
[SourceVersionDate "2019.07.15"]
[SourceQuality "1"]

1. d4 d5 2. Nf3 Nf6 3. g3 e6 4. c4 dxc4 5. Bg2 c5 6. 0-0 Be7 7. Nc3 0-0 8. Bg5 Nc6 9. dxc5 Bd7 10. Qd2 Qc7 11. Rad1 Rfd8 12. Nb5 Qc8 13. Nd6 Bxd6 14. cxd6 Ne4 15. Qe3 Nxg5 16. Qxg5 Be8 17. Ne5 f6 18. Qh4 fxe5 19. Qxc4 1/2-1/2

[Event "ROM-ch U08"]
[Site "Calimanesti Caciulata"]
[Date "2019.04.17"]
[Round "4"]
[White "Tabacaru, Matei Stefan"]
[Black "Stanica, Andrei"]
[Result "1-0"]
[WhiteElo "1081"]
[BlackElo "1001"]
[PlyCount "43"]
[EventDate "2019.04.15"]
[EventType "swiss"]
[EventRounds "9"]
[EventCountry "ROU"]
[SourceTitle "CBM 190 Extra"]
[Source "ChessBase"]
[SourceDate "2019.07.15"]
[SourceVersion "1"]
[SourceVersionDate "2019.07.15"]
[SourceQuality "1"]

1. e4 e5 2. Nf3 Nc6 3. Bc4 Nf6 4. Ng5 Rg8 5. Bxf7+ Ke7 6. Bxg8 d5 7. Bxd5 Nxd5 8. exd5 Qxd5 9. Nc3 Qxg2 10. Rf1 Qxg5 11. d4 Qg2 12. dxe5 Nxe5 13. Nd5+ Kd6 14. Nf4+ Ke7 15. Nxg2 Nf3+ 16. Qxf3 Bd7 17. Bg5+ Ke8 18. 0-0-0 h6 19. Rde1+ Be7 20. Rxe7+ Kd8 21. Qf8+ Be8 22. Qxe8# 1-0